Κατάλογος Βιβλιοθηκών Mediterranean College

Μάνατζμεντ / Μία Mεθοδική Sειρά Sεμιναρίων στη Διοίκηση Επιχειρήσεων για Σπουδαστές, Στελέχη Επιχειρήσεων, και Επαγγελματίες: Δεύτερη Αμερικάνικη Έκδοση (Record no. 772)

MARC details
000 -LEADER
fixed length control field 02653cam a22002174a 4500
005 - ΗΜΕΡΟΜΗΝΙΑ ΚΑΙ ΩΡΑ ΤΕΛΕΥΤΑΙΑΣ ΕΝΗΜΕΡΩΣΗΣ
Πεδίο ελέγχου 20250605163945.0
008 - FIXED-LENGTH DATA ELEMENTS--GENERAL INFORMATION
Πεδίο ελέγχου σταθερού μήκους 250528s ||||||||||||||||||||||||d
035 ## - SYSTEM CONTROL NUMBER
System control number 15178
020 ## - ISBN
ISBN 9602092076
040 ## - ΠΗΓΗ ΚΑΤΑΛΟΓΟΓΡΑΦΗΣΗΣ
Φορέας πρωτότυπης καταλογογράφησης MC Athens Campus Library
Γλώσσα καταλογογράφησης Ελληνικά, Μοντέρνα (1453-)
Modifying agency MC Athens Campus Library
Κανόνες περιγραφικής καταλογογράφησης AACR2
245 1# - ΤΙΤΛΟΣ ΚΑΙ ΔΗΛΩΣΗ ΥΠΕΥΘΥΝΟΤΗΤΑΣ
Τίτλος Μάνατζμεντ / Μία Mεθοδική Sειρά Sεμιναρίων στη Διοίκηση Επιχειρήσεων για Σπουδαστές, Στελέχη Επιχειρήσεων, και Επαγγελματίες: Δεύτερη Αμερικάνικη Έκδοση
250 ## - EDITION STATEMENT
Edition statement 2h
260 ## - PUBLICATION, DISTRIBUTION, ETC.
Name of publisher, distributor, etc. Κλειδάριθμος,
Date of publication, distribution, etc. 1987
300 ## - PHYSICAL DESCRIPTION
Extent 600
520 ## - SUMMARY, ETC.
Summary, etc. Ο νέος εύκολος τρόπος για να κατανοήσετε τα θέματα που διδάσκονται στις σχολές Διοίκησης Επιχειρήσεων των Πανεπιστημίων. Πρόλογος, Το Είναι το Μάνατζμεντ: Ορισμός και Επισκόπηση, Μάνατζμεντ: Ιστορία και Βασικές Έννοιες, Μάνατζμεντ: Κοινωνική Ευθύνη, Το Μάνατζμεντ και το Περιβάλλον της Επιχείρησης, Λήψη Αποφάσεων: Κατηγορίες και Τρόποι, Επισκόπηση των Διευθυντικών Λειτουργιών, Προγραμματισμός, Προγραμματισμός: Στρατηγική Διοίκησης και Θέσπιση Στόχων και Αντικειμένικοί Στόχοι και Πολιτική, Διοίκηση με Στόχους, Βασικές Έννοιες της Οργάνωσης, Οργανωτικές Δομές: Έννοιες και Μορφές, Προσωπικο: Διοίκηση Ανθρωπίνων Πόρων, Υποκίνηση: Θεωρία και Πράξη, Ηγεσία: Θεωρία και Πράξη, Μάνατζμεντ: Η Δραστηριότητα του Ελέγχου, Ομάδες Εργασίας: Δυναμική και Δημιουργικότητα, Ικανότητες Επικοινωνίας και Αποτελεσματική Διοίκηση, Τεχνικές Διοίκησης Παραγωγής και Εκμετάλλευσης, Διευθυντικές Δεξιότητες: Διαχείριση Χρόνου, Συστήματα Πληροφοριών Διεύθυνσης, Διεθνοποίηση της Διοίκησης Επιχειρήσεων, Παραρτήματα, Λεξικό Όρων, Ευρετήριο.
700 1# - ΠΡΟΣΘΕΤΗ ΑΝΑΓΡΑΦΗ--ΦΥΣΙΚΟ ΠΡΟΣΩΠΟ
Personal name Charnov Bruce
9 (RLIN) 1042
700 1# - ΠΡΟΣΘΕΤΗ ΑΝΑΓΡΑΦΗ--ΦΥΣΙΚΟ ΠΡΟΣΩΠΟ
Personal name Montana Patrick
9 (RLIN) 1043
942 ## - ADDED ENTRY ELEMENTS (KOHA)
Koha item type Books
Holdings
Τύπος τεκμηρίου Βιβλιοθήκη Τρέχουσα τοποθεσία Barcode Αριθμός εισαγωγής Ημερομηνία απόκτησης Ταξιθετικό σύμβολο Αριθμός αντιτύπου Κατάσταση απόσυρσης Κατάσταση χαμένου Κατάσταση κατεστραμμένου Μη δανεισμός Σύνολο δανεισμών Ημερομηνία τελευταίας εμφάνισης Η τιμή ισχύει από
Books MC Athens Campus Library MC Athens Campus Library 9780000007711 1411 05/06/2025 658 MON 2           05/06/2025 05/06/2025

MC Athens Campus Library
Πατησίων 94 & Κοδριγκτώνος 13, 104 34
Πελλήνης 8 & Πατησίων 107, 112 51
Τ: +30 210 8899600

MC Thessaloniki Campus Library
Ίωνος Δραγούμη 21, 54625 | Ίωνος Δραγούμη 15, 54625
Τ: +30 2310 287779 – Τ: +30 2314 440300